[Event "Hebraica op 30th"]
[Site "Hebraica"]
[Date "2023.02.11"]
[Round "3"]
[White "Simao, Davi Ribeiro"]
[Black "Yokomizo, Wilton"]
[Result "1/2-1/2"]
[WhiteElo "1821"]
[BlackElo "1422"]
[PlyCount "96"]
[EventDate "2023.02.10"]
[EventType "swiss"]
[EventRounds "7"]
[EventCountry "BRA"]
[SourceTitle "CBM 212 Extra"]
[Source "ChessBase"]
[SourceDate "2023.03.31"]
[SourceVersion "1"]
[SourceVersionDate "2023.03.31"]
[SourceQuality "1"]

1. e4 Nf6 2. Nc3 d5 3. exd5 Nxd5 4. Nxd5 Qxd5 5. d4 Nc6 6. Nf3 Bg4 7. Be2 0-0-0 8. c3 e6 9. 0-0 h6 10. h3 Bf5 11. Bd3 Be7 12. Re1 Bf6 13. Qe2 Bxd3 14. Qxd3 Rhe8 15. Qe4 Kb8 16. Bf4 Qb5 17. Qe2 Qf5 18. Bh2 Rd5 19. a3 e5 20. Qe4 Qxe4 21. Rxe4 Re7 22. c4 Ra5 23. d5 Nd4 24. Bxe5 Nxf3+ 25. gxf3 Rxe5 26. Rxe5 Bxe5 27. Re1 Kc8 28. Rxe5 Kd7 29. Kg2 Ra6 30. Kg3 Rb6 31. b4 Ra6 32. Re3 g5 33. Kg4 Rd6 34. a4 c6 35. dxc6+ bxc6 36. Re4 Rd2 37. Kg3 f5 38. Re5 f4+ 39. Kg2 Rd4 40. Re4 Rd3 41. c5 a6 42. a5 Rb3 43. h4 Rd3 44. hxg5 hxg5 45. Rc4 Ke6 46. Re4+ Kd5 47. Kf1 Rxf3 48. Re2 Rd3 1/2-1/2

[Event "BRA Amateur-ch U1800"]
[Site "Sao Paulo"]
[Date "2022.11.05"]
[Round "6"]
[White "Sulz, Isaque Sathler"]
[Black "Yokomizo, Wilton"]
[Result "1-0"]
[WhiteElo "1477"]
[BlackElo "1434"]
[PlyCount "61"]
[EventDate "2022.11.03"]
[EventType "swiss"]
[EventRounds "7"]
[EventCountry "BRA"]
[SourceTitle "CBM 211 Extra"]
[Source "ChessBase"]
[SourceDate "2023.01.31"]
[SourceVersion "1"]
[SourceVersionDate "2023.01.31"]
[SourceQuality "1"]

1. b3 Nf6 2. Bb2 d5 3. e3 c5 4. Nf3 Nc6 5. d4 Bg4 6. Nbd2 Qa5 7. Be2 Ne4 8. 0-0 Nc3 9. Bxc3 Qxc3 10. h3 Bf5 11. Rc1 0-0-0 12. Bb5 f6 13. Bxc6 bxc6 14. Qe2 Kb7 15. dxc5 e5 16. b4 a6 17. a4 Ka7 18. b5 Bxc5 19. bxa6 Rb8 20. e4 Bc8 21. Rb1 Bxa6 22. Qd1 Bxf1 23. Kxf1 Rhd8 24. exd5 Rxb1 25. Nxb1 Qc4+ 26. Kg1 Rxd5 27. Nbd2 Qxa4 28. Qb1 Bb4 29. c4 Rd3 30. Qxd3 Qa1+ 31. Kh2 1-0

[Event "BRA-ch Amateur U1600"]
[Site "Sao Paulo"]
[Date "2022.06.19"]
[Round "7"]
[White "Yokomizo, Wilton"]
[Black "Roncolatto, Joao Pedro Brentani"]
[Result "1-0"]
[WhiteElo "1451"]
[BlackElo "1800"]
[PlyCount "79"]
[EventDate "2022.06.16"]
[EventType "swiss"]
[EventRounds "7"]
[EventCountry "BRA"]
[SourceTitle "CBM 208 Extra"]
[Source "ChessBase"]
[SourceDate "2022.07.31"]
[SourceVersion "1"]
[SourceVersionDate "2022.07.31"]
[SourceQuality "1"]

1. f4 c5 2. Nf3 g6 3. g3 Bg7 4. c3 Nc6 5. Bg2 Nf6 6. d3 d6 7. 0-0 0-0 8. h3 Rb8 9. Na3 b5 10. Nc2 Bb7 11. e4 e5 12. fxe5 dxe5 13. Bg5 Qd6 14. Qd2 Rfd8 15. Rad1 a5 16. Bh6 Nh5 17. Kh2 c4 18. Bxg7 Kxg7 19. dxc4 Qe6 20. Ng5 Qxc4 21. Nd4 Nxd4 22. Rxf7+ Kg8 23. cxd4 Rxd4 24. Qe1 h6 25. Rxd4 exd4 26. Qxa5 hxg5 27. Rxb7 Rxb7 28. Qa8+ Kg7 29. Qxb7+ Qf7 30. Qxb5 Qf2 31. Qe5+ Kh7 32. Qc7+ Kg8 33. b4 d3 34. Qc4+ Kg7 35. Qxd3 Qxa2 36. Qd4+ Nf6 37. e5 Ne8 38. Qd7+ Kf8 39. e6 Qe2 40. Qf7# 1-0

[Event "BRA-ch Amateur U1600"]
[Site "Sao Paulo"]
[Date "2022.06.18"]
[Round "6"]
[White "Salotti, Thiago Maida"]
[Black "Yokomizo, Wilton"]
[Result "1-0"]
[WhiteElo "1802"]
[BlackElo "1451"]
[PlyCount "61"]
[EventDate "2022.06.16"]
[EventType "swiss"]
[EventRounds "7"]
[EventCountry "BRA"]
[SourceTitle "CBM 208 Extra"]
[Source "ChessBase"]
[SourceDate "2022.07.31"]
[SourceVersion "1"]
[SourceVersionDate "2022.07.31"]
[SourceQuality "1"]

1. e4 Nf6 2. d3 e5 3. Nf3 Nc6 4. g3 d5 5. Nbd2 Bc5 6. Bg2 Bg4 7. 0-0 Nd4 8. h3 dxe4 9. hxg4 Nxf3+ 10. Bxf3 exf3 11. Qxf3 c6 12. Nc4 Qc7 13. Bg5 Be7 14. Rfe1 Nd7 15. Bxe7 Kxe7 16. d4 f6 17. Ne3 g6 18. Rad1 Kf7 19. d5 cxd5 20. Qxd5+ Ke7 21. Qb5 Nb6 22. Qb4+ Kf7 23. g5 f5 24. Rd6 Kg7 25. f4 Rhe8 26. fxe5 Rxe5 27. Qd4 Rae8 28. Nxf5+ gxf5 29. Rxe5 Rxe5 30. Qxe5+ Kg8 31. Rg6+ 1-0

[Event "BRA-ch Amateur U1600"]
[Site "Sao Paulo"]
[Date "2022.06.18"]
[Round "5"]
[White "Yokomizo, Wilton"]
[Black "De Oliveira, Tobias Luiz Carvalh"]
[Result "0-1"]
[WhiteElo "1451"]
[BlackElo "1158"]
[PlyCount "94"]
[EventDate "2022.06.16"]
[EventType "swiss"]
[EventRounds "7"]
[EventCountry "BRA"]
[SourceTitle "CBM 208 Extra"]
[Source "ChessBase"]
[SourceDate "2022.07.31"]
[SourceVersion "1"]
[SourceVersionDate "2022.07.31"]
[SourceQuality "1"]

1. f4 c5 2. Nf3 Nc6 3. g3 g6 4. Bg2 Bg7 5. c3 Nf6 6. d3 0-0 7. 0-0 Rb8 8. Na3 b5 9. e4 Qb6 10. Qe1 d6 11. h3 a5 12. Be3 Ba6 13. e5 dxe5 14. Nxe5 Nxe5 15. fxe5 Nd7 16. Bf4 e6 17. Qe3 b4 18. cxb4 axb4 19. Nc4 Bxc4 20. dxc4 Qc7 21. Rfe1 Nb6 22. b3 Nd7 23. Rad1 Nb6 24. Bh6 Rfd8 25. Bxg7 Kxg7 26. g4 Rd7 27. Qg5 Rbd8 28. Qf6+ Kg8 29. Rxd7 Nxd7 30. Qe7 Qc8 31. Rd1 Qc7 32. Bc6 Qxc6 33. Qxd8+ Nf8 34. Qd3 Qa8 35. Rd2 Qb8 36. Qe3 Qc7 37. h4 Nd7 38. Re2 Kg7 39. h5 Nf8 40. h6+ Kg8 41. Qf4 Nd7 42. Rd2 Kf8 43. Qe4 Nxe5 44. Qa8+ Ke7 45. Qg2 Kf8 46. g5 Ke7 47. Qh2 Nf3+ 0-1

[Event "BRA-ch Amateur U1800"]
[Site "Sao Paulo"]
[Date "2017.10.14"]
[Round "6"]
[White "Yokomizo, Wilton"]
[Black "Arruda Filho, Ivo Pereira de"]
[Result "0-1"]
[WhiteElo "1418"]
[BlackElo "1761"]
[PlyCount "66"]
[EventDate "2017.10.12"]
[EventType "swiss"]
[EventRounds "7"]
[EventCountry "BRA"]
[SourceTitle "EXT 2019"]
[Source "ChessBase"]
[SourceDate "2018.10.10"]
[SourceVersion "1"]
[SourceVersionDate "2018.10.10"]
[SourceQuality "1"]

1. e4 c5 2. Nf3 d6 3. Bb5+ Bd7 4. a4 a6 5. Bc4 e6 6. 0-0 Nc6 7. d4 cxd4 8. Nxd4 Nf6 9. Nc3 Be7 10. Be3 0-0 11. Kh1 Rc8 12. Be2 Qc7 13. f4 e5 14. fxe5 dxe5 15. Nf5 Bxf5 16. exf5 Rfd8 17. Qe1 Nd4 18. Rd1 Bb4 19. Bg5 Qb6 20. Bh5 Re8 21. Qe3 Nxh5 22. Nd5 Qd6 23. Nxb4 f6 24. Bh4 Qxb4 25. c3 Qb3 26. g4 Nf4 27. Rxf4 exf4 28. Qxd4 Qxb2 29. Qxf4 Rxc3 30. Rg1 Qc2 31. Re1 Rxe1+ 32. Bxe1 Rc8 33. Bd2 Re8 0-1

[Event "Sao Paulo-C U1700 op 5th"]
[Site "Sao Paulo"]
[Date "2016.10.16"]
[Round "5.30"]
[White "Kojima, Rodrigo Yosuke"]
[Black "Yokomizo, Wilton"]
[Result "0-1"]
[WhiteElo "1487"]
[BlackElo "1437"]
[PlyCount "66"]
[EventDate "2016.10.13"]
[EventType "swiss"]
[EventRounds "6"]
[EventCountry "BRA"]
[SourceTitle "EXT 2022"]
[Source "ChessBase"]
[SourceDate "2021.10.06"]
[SourceVersion "1"]
[SourceVersionDate "2021.10.06"]
[SourceQuality "1"]

1. d4 Nf6 2. Nf3 e6 3. Bf4 c5 4. c3 Nc6 5. e3 Qb6 6. Qc2 cxd4 7. cxd4 d6 8. Be2 Bd7 9. Nbd2 Nd5 10. Bg3 Ndb4 11. Qb3 Na5 12. Qd1 Rc8 13. Rc1 Rxc1 14. Qxc1 Nxa2 15. Qc2 Nb4 16. Qd1 Be7 17. 0-0 0-0 18. Nc4 Nxc4 19. Bxc4 Rc8 20. Bb3 Bb5 21. Re1 Nd3 22. Re2 Rc1 23. Qxc1 Nxc1 24. Rc2 Nxb3 25. Rc8+ Bd8 26. Bh4 f6 27. g4 Bd7 28. Ra8 Kf7 29. g5 Be7 30. Rh8 Qc6 31. Kg2 Nd2 32. Rxh7 Qxf3+ 33. Kg1 Bc6 0-1

[Event "Sao Paulo-C U1700 op 5th"]
[Site "Sao Paulo"]
[Date "2016.10.15"]
[Round "4.22"]
[White "Schultz, Rauanda"]
[Black "Yokomizo, Wilton"]
[Result "1-0"]
[WhiteElo "1603"]
[BlackElo "1437"]
[PlyCount "71"]
[EventDate "2016.10.13"]
[EventType "swiss"]
[EventRounds "6"]
[EventCountry "BRA"]
[SourceTitle "EXT 2022"]
[Source "ChessBase"]
[SourceDate "2021.10.06"]
[SourceVersion "1"]
[SourceVersionDate "2021.10.06"]
[SourceQuality "1"]

1. d4 Nf6 2. c4 e6 3. Nf3 Bb4+ 4. Nbd2 Ne4 5. e3 b6 6. Bd3 Bb7 7. 0-0 f5 8. b3 Bc3 9. Rb1 0-0 10. Qc2 Nxd2 11. Nxd2 Qg5 12. e4 Bxd2 13. Bxd2 f4 14. f3 d6 15. b4 e5 16. dxe5 dxe5 17. c5 Bc8 18. cxb6 cxb6 19. Bc4+ Kh8 20. Bd5 Bh3 21. Rf2 Nc6 22. Bxc6 Rac8 23. b5 Rf6 24. Bb4 Rg6 25. Rd1 h5 26. Qb2 h4 27. Rdd2 Rd8 28. Rxd8+ Qxd8 29. Rd2 Rxg2+ 30. Kh1 Rxh2+ 31. Kxh2 Qg5 32. Rg2 Qf6 33. Kxh3 Qe6+ 34. Rg4 Qc4 35. Rxh4+ Kg8 36. Bd5+ 1-0

[Event "Sao Paulo op-B U2050 4th"]
[Site "Sao Paulo"]
[Date "2016.03.27"]
[Round "7"]
[White "Yokomizo, Wilton"]
[Black "Kikuchi Cadilhac, Mariana Sawae"]
[Result "0-1"]
[WhiteElo "1461"]
[BlackElo "1509"]
[PlyCount "74"]
[EventDate "2016.03.24"]
[EventType "swiss"]
[EventRounds "7"]
[EventCountry "BRA"]
[SourceTitle "CBM 171 Extra"]
[Source "ChessBase"]
[SourceDate "2016.04.26"]
[SourceVersion "1"]
[SourceVersionDate "2016.04.26"]
[SourceQuality "1"]

1. e4 e5 2. Nf3 Nc6 3. Bb5 a6 4. Ba4 Nf6 5. Qe2 Be7 6. Bxc6 dxc6 7. Nxe5 Qd4 8. Nf3 Qxe4 9. Qxe4 Nxe4 10. d3 Nd6 11. 0-0 Be6 12. Nc3 0-0-0 13. Re1 Bf6 14. Bf4 h6 15. Be5 Bxe5 16. Nxe5 Rhe8 17. Re2 Nb5 18. Nf3 Nxc3 19. bxc3 Bg4 20. Rae1 Rxe2 21. Rxe2 Bxf3 22. gxf3 Rd5 23. c4 Rf5 24. Kg2 Kd7 25. h4 Ra5 26. c3 Ra3 27. Rc2 Ke6 28. f4 Kf5 29. Kf3 b5 30. Kg3 bxc4 31. d4 Ke4 32. Re2+ Kd3 33. Kf3 Kxc3 34. Re3+ Kb2 35. Rxa3 Kxa3 36. Ke3 c3 37. Kd3 Kb2 0-1

[Event "Sao Paulo op-B U2050 4th"]
[Site "Sao Paulo"]
[Date "2016.03.25"]
[Round "2"]
[White "Yokomizo, Wilton"]
[Black "Both, Vinicius Andre"]
[Result "0-1"]
[WhiteElo "1461"]
[BlackElo "1871"]
[PlyCount "70"]
[EventDate "2016.03.24"]
[EventType "swiss"]
[EventRounds "7"]
[EventCountry "BRA"]
[SourceTitle "CBM 171 Extra"]
[Source "ChessBase"]
[SourceDate "2016.04.26"]
[SourceVersion "1"]
[SourceVersionDate "2016.04.26"]
[SourceQuality "1"]

1. e4 c6 2. d4 d5 3. e5 Bf5 4. c4 e6 5. Nf3 Bb4+ 6. Nc3 dxc4 7. Bxc4 Ne7 8. 0-0 0-0 9. Qb3 Bxc3 10. bxc3 b5 11. Be2 Nd7 12. Ba3 Re8 13. Rfd1 Nb6 14. Rac1 Be4 15. Ng5 Bd5 16. Qc2 Nf5 17. Ne4 Nc4 18. Bxc4 bxc4 19. Rb1 Qh4 20. Re1 Rab8 21. f3 Qh6 22. Qd2 Qxd2 23. Nxd2 Rb5 24. Ne4 Reb8 25. Rxb5 Rxb5 26. Bb4 Nxd4 27. a4 Rb7 28. Nc5 Rb8 29. Na6 Rb6 30. Nc5 Nc2 31. a5 Rxb4 32. cxb4 Nxe1 33. Kf2 Nd3+ 34. Nxd3 cxd3 35. Ke3 Bc4 0-1

[Event "Mogi das Cruzes Catropa Memorial"]
[Site "Mogi das Cruzes"]
[Date "2014.09.07"]
[Round "5"]
[White "Yokomizo, Wilton"]
[Black "Ribeiro, Cesar Augusto Basag"]
[Result "1-0"]
[WhiteElo "1461"]
[BlackElo "1582"]
[PlyCount "55"]
[EventDate "2014.09.05"]
[EventType "swiss"]
[EventRounds "6"]
[EventCountry "BRA"]
[SourceTitle "CBM 162 Extra"]
[Source "ChessBase"]
[SourceDate "2014.10.17"]
[SourceVersion "1"]
[SourceVersionDate "2014.10.17"]
[SourceQuality "1"]

1. e4 e5 2. Nf3 d6 3. d4 f6 4. dxe5 fxe5 5. Bc4 Nc6 6. Ng5 Qe7 7. Nf7 Qh4 8. Nc3 Bg4 9. Bg5 Qh5 10. Qd2 h6 11. Nxh8 hxg5 12. Bf7+ Ke7 13. Bxh5 Bxh5 14. Qxg5+ Nf6 15. Nd5+ Kd7 16. Nxf6+ gxf6 17. Qxh5 Nd4 18. 0-0 Nxc2 19. Qf7+ Be7 20. Ng6 Rf8 21. Qxe7+ Kc6 22. Nxf8 Nd4 23. Rac1+ Kb5 24. Rfe1 Nc6 25. Rxc6 bxc6 26. Qxc7 d5 27. Rc1 d4 28. Qb7+ 1-0

[Event "Mogi das Cruzes op 09"]
[Site "Mogi das Cruzes"]
[Date "2013.09.29"]
[Round "7"]
[White "Yokomizo, Wilton"]
[Black "Leite, Eduardo de Souza"]
[Result "0-1"]
[WhiteElo "1440"]
[BlackElo "2168"]
[PlyCount "74"]
[EventDate "2013.09.26"]
[EventType "swiss"]
[EventRounds "7"]
[EventCountry "BRA"]
[SourceTitle "CBM 156 Extra"]
[Source "ChessBase"]
[SourceDate "2013.10.22"]
[SourceVersion "1"]
[SourceVersionDate "2013.10.22"]
[SourceQuality "1"]

1. e4 c5 2. Nf3 d6 3. Bb5+ Nc6 4. d4 cxd4 5. Nxd4 Qc7 6. 0-0 Nf6 7. Nc3 e6 8. Re1 Be7 9. f4 0-0 10. Kh1 e5 11. fxe5 dxe5 12. Nxc6 bxc6 13. Bc4 Ng4 14. Qf3 Bc5 15. Re2 Rb8 16. h3 Nf6 17. Bg5 Be7 18. Rg1 Rb4 19. Bxf6 Bxf6 20. Bb3 Ba6 21. Ree1 Qe7 22. g4 h6 23. Ne2 c5 24. Ng3 g6 25. c4 Bxc4 26. Bxc4 Rxc4 27. Ref1 Bg7 28. Nh5 gxh5 29. gxh5 Kh8 30. Rg4 Rc2 31. Rfg1 Bf6 32. Qg3 Qd8 33. h4 Rxb2 34. Rf1 c4 35. Rg6 fxg6 36. Qxg6 Qd2 37. Rf2 Qe1+ 0-1

[Event "Sao Paulo Braga Memorial 2nd"]
[Site "Sao Paulo"]
[Date "2013.07.11"]
[Round "7"]
[White "Yokomizo, Wilton"]
[Black "Rodolpho Filho, Joao"]
[Result "0-1"]
[WhiteElo "1451"]
[BlackElo "1782"]
[PlyCount "70"]
[EventDate "2013.07.05"]
[EventType "swiss"]
[EventRounds "9"]
[EventCountry "BRA"]
[SourceTitle "CBM 155 Extra"]
[Source "ChessBase"]
[SourceDate "2013.08.26"]
[SourceVersion "1"]
[SourceVersionDate "2013.08.26"]
[SourceQuality "1"]

1. e4 c5 2. Nf3 d6 3. Bb5+ Nd7 4. c3 a6 5. Ba4 b5 6. Bc2 e5 7. d4 Bb7 8. 0-0 Ngf6 9. Qe2 Be7 10. Rd1 0-0 11. dxe5 dxe5 12. Nxe5 Qc7 13. Nxd7 Nxd7 14. f4 Rfe8 15. e5 c4 16. Be3 Nf8 17. Nd2 Rad8 18. Nf3 Bc5 19. Bxc5 Qxc5+ 20. Kh1 Ne6 21. Bxh7+ Kxh7 22. Ng5+ Nxg5 23. Qh5+ Kg8 24. Qxg5 Qb6 25. h4 Qg6 26. Qxg6 fxg6 27. Kh2 Rd3 28. Rxd3 cxd3 29. Rd1 Be4 30. Rd2 Rd8 31. g4 Kf7 32. Kg3 Ke6 33. h5 gxh5 34. Kh4 hxg4 35. Kxg4 g6 0-1